000 00604nam a2200241Ia 4500
003 OSt
005 20221007070708.0
006 a|||||r|||| 00| 0
007 ta
008 221006b |||||||| |||| 00| 0 eng d
024 _a39,537
037 _cTextual
040 _aFLL
_cFLL
_beng
041 _2eng
_aeng
082 _aZ2,983qN08, R0
100 _aMULLA
_9683289
245 0 _aRegistration act
250 _a14th
260 _aGurgaon
_bLexisNexis India
_c2020
300 _acxxi,948p.
_ccm.
942 _hZ2,983qN08, R0
_cTEXL
_2CC
999 _c1141265
_d1141265